[Event "Montreal International"]
[Site "Montreal"]
[Date "1979.04.29"]
[Round "14"]
[White "Larsen, Bent"]
[Black "Tal, Mihail"]
[Result "1/2-1/2"]
[WhiteElo "2620"]
[BlackElo "2615"]
[Annotator "ChessBase"]
[PlyCount "62"]
[EventDate "1979.04.11"]
[EventType "tourn"]
[EventRounds "18"]
[EventCountry "CAN"]
[EventCategory "15"]
[SourceTitle "MCL"]
[Source "ChessBase"]
[SourceDate "1999.07.01"]
[SourceVersion "1"]
[SourceVersionDate "1999.07.01"]
[SourceQuality "1"]

1. c4 Nf6 2. Nc3 e5 3. g3 Bb4 4. Bg2 O-O 5. Nf3 e4 6. Nd4 Re8 7. O-O Nc6 8. Nc2
Bxc3 9. dxc3 Ne5 10. b3 (10. Ne3 d6 11. f4 exf3 12. exf3 Be6 13. b3 Qc8 $13)
10... h6 (10... d6 11. Bg5 Ned7 12. Qd4 h6 13. Bxf6 Nxf6 14. Ne3 Qe7 15. Rae1
Bd7 $10 16. f4 exf3 17. exf3 Bc6 {Olafsson,F-Tal,M/JUG ct/1959/}) 11. Be3 (11.
f4 $5 exf3 12. exf3 d6 13. Ne3 Bd7 14. a4 Qc8 15. Ra2 Bh3 16. Re1 Bxg2 17. Kxg2
{Ribli,Z-Browne,W/Manila izt/1976/}) 11... b6 $6 (11... d6 $142 {Tal}) 12. a4
Bb7 (12... a5 13. c5 $16) 13. a5 c5 $1 {[]Tal} 14. axb6 axb6 15. Qd6 $1 $14 Re6
16. Qd2 d5 $5 $132 {A typical Tal solution beeing in trouble.} 17. Rxa8 Qxa8
18. Ra1 Qb8 19. cxd5 Nxd5 (19... Bxd5 20. c4 Bb7 21. Qc3 $16 {/\Bf4}) 20. Bxe4
Rd6 21. Bxd5 (21. Bf4 $2 Nxf4 22. Qxf4 Rf6 $1 $17) 21... Bxd5 (21... Rxd5 $142
$1 {Tal} 22. Qe1 Qd8 $13 (22... Qc8 $13)) 22. Bf4 Bxb3 23. Qe3 $2 (23. Bxe5
Rxd2 $10) (23. Nd4 $1 f6 24. Qe3 Bf7 25. Bxe5 fxe5 26. Nf3 $16) 23... Qd8 $1
24. Qxe5 (24. Nd4 cxd4 25. cxd4 Nc4 $1 26. Qxb3 Rxd4 $10) 24... Rd1+ 25. Kg2
Rxa1 26. Nxa1 Qa8+ 27. f3 Qxa1 28. h4 Qe1 29. h5 Bd1 30. Qe8+ Kh7 31. Qe4+ Kg8
1/2-1/2

[Event "LAT-ch"]
[Site "Latvia"]
[Date "1994.??.??"]
[Round "1"]
[White "Sokolovs, Andrei"]
[Black "Savko, Alexei"]
[Result "1-0"]
[WhiteElo "2515"]
[BlackElo "2365"]
[Annotator "ChessBase"]
[PlyCount "27"]
[EventDate "1994.??.??"]
[EventType "tourn"]
[EventRounds "11"]
[EventCountry "LAT"]
[EventCategory "7"]
[SourceTitle "CBM 041"]
[Source "ChessBase"]
[SourceDate "1994.08.01"]
[SourceVersion "1"]
[SourceVersionDate "1994.08.01"]
[SourceQuality "1"]

1. c4 Nf6 2. Nc3 e5 3. g3 d5 4. cxd5 Nxd5 5. Bg2 Nb6 6. Nf3 Nc6 7. O-O Be7 8.
a3 O-O 9. b4 Be6 10. d3 a5 11. b5 Nd4 12. Rb1 f6 13. Nd2 Nd5 $2 14. Bxd5 (14.
Bxd5 Bxd5 15. e3 Nf5 16. Nxd5 Qxd5 17. e4 $18) 1-0

[Event "Jerusalem"]
[Site "Jerusalem"]
[Date "1986.??.??"]
[Round "?"]
[White "Hansen, Curt"]
[Black "Sosonko, Gennadi"]
[Result "1-0"]
[WhiteElo "2530"]
[BlackElo "2530"]
[Annotator "ChessBase"]
[PlyCount "81"]
[EventDate "1986.11.??"]
[EventType "tourn"]
[EventRounds "11"]
[EventCountry "ISR"]
[EventCategory "11"]
[SourceTitle "MCL"]
[Source "ChessBase"]
[SourceDate "1999.07.01"]
[SourceVersion "1"]
[SourceVersionDate "1999.07.01"]
[SourceQuality "1"]

1. c4 e5 2. Nc3 Nf6 3. g3 d5 4. cxd5 Nxd5 5. Bg2 Nb6 6. Nf3 Nc6 7. O-O Be7 8.
a3 Be6 9. d3 O-O 10. b4 f5 11. Bb2 Bf6 12. Nd2 Rb8 $6 (12... Nd5 $5) (12... Bf7
$1 13. Nb3 e4 $1 14. Nc5 Rb8 15. Rc1 exd3 16. Nxb7 dxe2 $5 17. Qxe2 Nd4 18.
Nxd8 Nxe2+ 19. Nxe2 Bxb2 20. Rb1 Rfxd8 {Huebner,R-Sosonko,G/Munchen/1988/}) 13.
Rc1 Bf7 14. Nb3 (14. Re1 $6 a5 15. b5 Nd4 16. a4 Qd6 $13 {Watson,W-Sosonko,G/
Lone Pine/1981/}) 14... e4 15. Nc5 exd3 16. Nxb7 $1 dxe2 17. Qxe2 Nd4 (17...
Rxb7 18. Bxc6 Bc4 19. Qc2 Bxf1 20. Bxb7 $16) 18. Qd1 Qc8 19. Nd6 $1 Qa6 (19...
cxd6 20. Nd5 $1) 20. b5 Nxb5 (20... Qa5 21. Nxf7 Rxf7 22. Nd5 $16) (20... Bb3
$1 21. Qd3 $1 Qa5 22. Nce4 $1 fxe4 23. Nxe4 $36) 21. Ndxb5 Nc4 22. Nxc7 $1 Qa5
23. Ba1 Bxc3 24. Bxc3 (24. Rxc3 $1 Qxc7 25. Qd4 $1 Rbc8 26. Re3 $1 $18) 24...
Qxc7 25. Qd4 Be6 26. Rfe1 Rfd8 27. Qxg7+ Qxg7 28. Bxg7 Kf7 29. Bh6 $18 Rbc8 30.
Bf4 Nxa3 31. Ra1 Rc3 32. Re5 $1 a6 33. Rae1 Rd6 34. Rxf5+ Bxf5 35. Bxd6 Nc4 36.
Bb4 Rc2 37. Bd5+ Kg6 38. g4 $1 Bd3 39. h4 Re2 40. Rxe2 Bxe2 41. f4 1-0

[Event "Madrid"]
[Site "Madrid"]
[Date "1994.??.??"]
[Round "5"]
[White "Salov, Valery"]
[Black "Illescas Cordoba, Miguel"]
[Result "0-1"]
[WhiteElo "2685"]
[BlackElo "2590"]
[Annotator "ChessBase"]
[PlyCount "102"]
[EventDate "1994.05.??"]
[EventType "tourn"]
[EventRounds "9"]
[EventCountry "ESP"]
[EventCategory "15"]
[SourceTitle "CBM 041"]
[Source "ChessBase"]
[SourceDate "1994.08.01"]
[SourceVersion "1"]
[SourceVersionDate "1994.08.01"]
[SourceQuality "1"]

1. c4 Nf6 2. Nc3 e5 3. Nf3 Nc6 4. g3 Bb4 5. Nd5 Bc5 6. Bg2 O-O 7. O-O d6 8. e3
Bb6 9. Nxb6 axb6 10. b3 Bf5 11. d3 Qc8 12. Re1 Bh3 13. Bh1 h6 14. Bb2 Bg4 15.
Bc3 Ne7 16. Qc2 Ng6 17. d4 Re8 18. Nd2 Bf5 19. e4 Bh3 20. Nf1 Nh7 21. Ne3 Ng5
22. d5 Rf8 23. Nf5 Qd7 24. Bg2 Bxg2 25. Kxg2 Nh7 26. Re2 Ne7 27. f3 Nxf5 28.
exf5 b5 29. a4 bxc4 30. bxc4 b6 31. g4 c6 32. dxc6 Qxc6 33. Bb4 Nf6 34. Kg3
Rfc8 35. Qb3 e4 $1 36. f4 Qxc4 37. Qxc4 Rxc4 38. Bxd6 Rd8 39. g5 hxg5 40. fxg5
Nh5+ 41. Kg4 Rxd6 42. Kxh5 e3 43. g6 Rdd4 44. gxf7+ Kxf7 45. Rg2 $2 (45. h3
$142) 45... Kf6 46. Rg6+ Kxf5 47. Rf1+ Rf4 48. Rg5+ Kf6 49. Rg6+ Kf7 50. Rxf4+
Rxf4 51. Rg2 Re4 0-1

[Event "Beersheba"]
[Site "Beersheba"]
[Date "1987.??.??"]
[Round "?"]
[White "Kortschnoj, Viktor Lvovich"]
[Black "Arnason, Jon Loftur"]
[Result "1-0"]
[WhiteElo "2625"]
[BlackElo "2540"]
[Annotator "ChessBase"]
[PlyCount "79"]
[EventDate "1987.03.25"]
[EventType "tourn"]
[EventRounds "11"]
[EventCountry "ISR"]
[EventCategory "11"]
[SourceTitle "CBM 005"]
[Source "ChessBase"]
[SourceDate "1988.08.01"]
[SourceVersion "1"]
[SourceVersionDate "1988.08.01"]
[SourceQuality "1"]

1. c4 e5 2. Nc3 Nf6 3. Nf3 Nc6 4. g3 d5 5. cxd5 Nxd5 6. Bg2 Nb6 7. O-O Be7 8.
b3 O-O (8... Bg4 9. Bb2 Qd7 10. a4 a5 11. Nb5 f6 12. d4 $6 e4 13. Ne1 f5 14. d5
O-O-O $1 15. f3 exf3 16. exf3 Bh5 $132 {Georgadze,G-Dautov,R Tbilisi 1989}) 9.
Bb2 Re8 (9... Bg4 10. a4 $1 a5 (10... a6 $6 11. a5 Nd7 12. Nd5 Bd6 13. Ne3 Be6
14. d4 exd4 15. Nxd4 Nxd4 16. Bxd4 $14 {Kaidanov,G-Dzhandzhava,L Belgrade GMA
1988}) 11. Nb5 Bf6 12. d3 Qd7 13. Nd2 Rac8 14. Rc1 Bh3 15. Bxh3 Qxh3 16. Ba3
Rfe8 17. Ne4 $14 {Arkhipov,S-Zaichik,G Protvino 1988}) 10. Rc1 Bg4 (10... Bf8
$5 11. d3 Nd4 12. Nd2 c6 13. e3 Ne6 14. Nf3 Ng5 $5 15. Nxg5 Qxg5 16. Ne4 Qg6
$15 {Serper,G-Sokolov,A Moscow 1990}) 11. d3 Bf8 12. Nd2 Qd7 (12... Rb8 13.
Bxc6 bxc6 $14) 13. Re1 Rab8 14. Nce4 Nd4 (14... Nb4 15. Nf3 f5 16. Nc5 Qb5 17.
a4 Qa5 18. d4 $14) 15. Nc5 Qc8 $6 (15... Bxc5 16. Rxc5 c6 $10) 16. Nf3 $1 $14
Nd7 (16... Bxf3 17. exf3 $14) (16... Nc6 17. Na6 $1 Ra8 18. Nd2 $40) 17. Nxd4
Bxc5 18. Nf3 (18. Nb5 $5 a6 19. d4 axb5 20. dxc5 $14) 18... Bb6 19. Rc4 $1 (19.
d4 e4 $10) (19. h3 Bh5 20. g4 Bg6 21. e4 Qd8 22. b4 $13 {Kortchnoi,V}) 19...
Be6 (19... Bf5 $5 20. Qc1 $1 f6 21. d4 e4 22. Nh4 Be6 23. Bxe4 $1 $44) 20. Rh4
$5 f6 21. d4 g5 22. Rh6 $1 (22. Re4 $5 Bd5 23. Nxg5 fxg5 24. Rg4 Bxg2 25. Rxg5+
$36) 22... Kg7 23. dxe5 Kxh6 24. exf6 Rg8 (24... Kh5 $2 25. Nxg5 Kxg5 26. Qd2+
Kg6 27. Be4+ Bf5 28. Bxf5+ Kxf5 29. Qf4+ Ke6 30. Qg4+ Kf7 31. Qh5+ Ke6 32. Rd1
$18 {Kortchnoi,V}) (24... Kg6 25. Qd2 h6 26. Nh4+ Kf7 27. Qc2 Nf8 28. Bf3 Qd7
29. Rd1 Qxd1+ 30. Qxd1 gxh4 31. Qd2 $40 {Kortchnoi,V}) 25. Qd2 Kh5 26. h3 Nc5
27. g4+ Bxg4 (27... Kh6 28. Nxg5 Rxg5 29. h4 Qg8 30. b4 Na4 31. f7 Bxf7 32.
hxg5+ Qxg5 33. Bg7+ $1 Kg6 34. Be4+ $18 {Kortchnoi,V}) 28. hxg4+ Qxg4 29. Ne5
Qh4 (29... Qf4 30. Bf3+ Kh6 31. Kg2 $1 $18) 30. Qc2 Ne4 31. Qxe4 Bxf2+ 32. Kf1
Qxe4 33. Bxe4 Bxe1 34. Kxe1 Rbd8 35. f7 Rgf8 36. Ba3 Rxf7 37. Nxf7 Rd4 38. Bxb7
g4 39. Ne5 Kh4 40. e3 1-0

[Event "Copenhagen IM (Politiken Cup-05)"]
[Site "Copenhagen"]
[Date "1983.10.14"]
[Round "1"]
[White "Karlsson, Lars"]
[Black "Wedberg, Tom Birger"]
[Result "0-1"]
[WhiteElo "2505"]
[BlackElo "2500"]
[Annotator "ChessBase"]
[PlyCount "113"]
[EventDate "1983.10.14"]
[EventType "tourn"]
[EventRounds "9"]
[EventCountry "DEN"]
[SourceTitle "MCL"]
[Source "ChessBase"]
[SourceDate "1999.07.01"]
[SourceVersion "1"]
[SourceVersionDate "1999.07.01"]
[SourceQuality "1"]

1. c4 e5 2. Nc3 Nf6 3. g3 Bb4 4. Bg2 O-O 5. Nf3 Re8 6. O-O e4 7. Nd4 Nc6 8. Nc2
Bxc3 9. dxc3 h6 10. Ne3 d6 $6 (10... b6 11. Qc2 Bb7 12. f4 exf3 13. exf3 Ne7
14. b3 d6 15. Bb2 Qd7 16. Rad1 Rad8 17. Qf2 Nf5 {Huebner - Smyslov, Velden (12)
1983}) 11. Qc2 Ne5 $5 (11... Bd7 12. Rd1 Qe7 13. Nd5 $1 Nxd5 14. cxd5 Nb8) 12.
Rd1 $6 (12. Bxe4 Nxc4 (12... Nxe4 $5 13. Qxe4 Bh3 14. Re1) 13. Bg2 $1) 12...
Neg4 $1 13. c5 d5 14. Nxg4 (14. Nxd5 Nxd5 15. Bxe4 Qf6 $1) 14... Bxg4 15. Be3
Qe7 16. Bd4 c6 17. b4 Nd7 18. c4 Be6 19. a4 f5 20. cxd5 Bxd5 21. Qb2 Ne5 22.
Qc3 Rad8 23. f4 $6 (23. Bxe5 Qxe5 24. Qxe5 Rxe5 25. a5 $1 a6 26. e3 Re7 27. Rd4
Red7 28. Rad1) 23... exf3 24. exf3 Ng6 $1 25. Re1 (25. f4 Bxg2 26. Kxg2 Qe2+
27. Kh1 (27. Kg1 Qg4 $1) 27... Qh5 $1 28. Re1 Re2 29. Rxe2 Qxe2 30. Re1 Qa2 $1)
25... Qf7 26. Rxe8+ (26. f4 Bxg2 27. Kxg2 Qd5+) 26... Rxe8 27. Re1 Rxe1+ 28.
Qxe1 f4 $1 29. Qc3 Nf8 30. Be5 Ne6 31. Qd3 $6 (31. a5 Qf5 32. gxf4 Nxf4 33.
Bxf4 Qxf4) 31... a5 $1 32. bxa5 Nxc5 33. Qc3 Ne6 34. Qd3 Qf8 35. gxf4 (35. a6
bxa6 36. Qxa6 Qc5+ 37. Kh1 Bc4 38. Qa8+ Kh7 39. gxf4 Qf2 40. h3 Bf1 41. Bxf1
Qxf1+ 42. Kh2 Qf2+ 43. Kh1 Qxf3+ 44. Kh2 Nxf4 45. Bxf4 Qxf4+ $10) 35... Nxf4
36. Qe3 Ng6 37. Bg3 Qf5 38. h4 Nf8 39. Qc3 Ne6 40. Kh2 Nf4 41. Qe3 Nxg2 42.
Kxg2 Qc2+ (42... c5 43. Be1 Qg4+ $1 44. Bg3 c4) 43. Bf2 Qxa4 44. Qc3 Qg4+ 45.
Bg3 Qf5 46. Bd6 Qe6 47. Be5 Qg4+ 48. Bg3 Qf5 49. Bd6 g5 50. hxg5 Qxg5+ 51. Kf2
h5 52. Qe1 Kf7 53. Qb4 Qf6 $1 54. Bf4 $2 (54. Qxb7+ Ke6 55. Bb8 $1 (55. Bb4
Qxf3+ 56. Ke1 Qe3+ 57. Kf1 Bc4+ 58. Kg2 Qe2+ $1 59. Kg3 Qg4+ 60. Kf2 Qf4+ 61.
Kg2 Bd5+ $19) 55... Qxf3+ 56. Ke1 $17) 54... Qh4+ $1 55. Kg1 Qe7 56. Qc3 Qe2 $1
57. Qh8 (57. Qh8 Qe1+ 58. Kg2 Qe2+ 59. Kg1 Qxf3) 0-1

[Event "Osijek"]
[Site "Osijek"]
[Date "1992.??.??"]
[Round "?"]
[White "Ermenkov, Evgenij"]
[Black "Kozul, Zdenko"]
[Result "1-0"]
[WhiteElo "2500"]
[BlackElo "2540"]
[Annotator "ChessBase"]
[PlyCount "57"]
[EventDate "1992.??.??"]
[EventType "tourn"]
[EventRounds "11"]
[EventCountry "CRO"]
[EventCategory "10"]
[SourceTitle "EXT 1999"]
[Source "ChessBase"]
[SourceDate "1998.11.16"]
[SourceVersion "1"]
[SourceVersionDate "1998.11.16"]
[SourceQuality "1"]

1. c4 Nf6 2. Nc3 d5 3. cxd5 Nxd5 4. g3 e5 5. Bg2 Nb6 6. d3 Be7 7. a3 O-O 8. Nf3
Nc6 9. b4 Re8 10. O-O Bf8 11. Nd2 a5 12. b5 Nd4 13. Bb2 a4 14. e3 Ne6 15. Nc4
Nc5 16. Nxb6 $1 (16. Nxe5) 16... cxb6 17. d4 Nb3 18. dxe5 Nxa1 19. Qxa1 Ra5 20.
Rd1 Qg5 21. Ne4 Qh5 22. Nd6 Rd8 23. Rd4 $1 Bxd6 24. exd6 Rxb5 25. Bc3 Be6 26.
Bb4 Bd5 27. Qc3 Bxg2 28. Qc7 Rf8 29. d7 1-0

[Event "Sportland NRW-Cup"]
[Site "Senden"]
[Date "1998.10.13"]
[Round "6"]
[White "Chuchelov, Vladimir"]
[Black "Raetsky, Alexander"]
[Result "1-0"]
[WhiteElo "2540"]
[BlackElo "2440"]
[Annotator "Chuchelov,V"]
[PlyCount "65"]
[EventDate "1998.10.08"]
[EventType "swiss"]
[EventRounds "9"]
[EventCountry "GER"]
[SourceTitle "CBM 067 Extra"]
[Source "ChessBase"]
[SourceDate "1999.01.01"]
[SourceVersion "1"]
[SourceVersionDate "1999.01.01"]
[SourceQuality "1"]

1. c4 e5 2. Nc3 Nf6 3. Nf3 Nc6 4. g3 Bb4 5. Nd5 a5 (5... Bc5) 6. Bg2 O-O 7. O-O
Re8 8. d3 h6 (8... Nxd5 9. cxd5 Nd4 10. Ne1 d6 11. e3 Nf5 12. Nc2 Bc5 13. d4
exd4 14. e4 Ne7 15. Nxd4 $14) 9. b3 Bc5 10. Bb2 d6 11. e3 Bg4 12. h3 Bf5 $146 (
12... Bh5 13. a3 Ba7 14. Nc3 $14) 13. a3 Ba7 14. Nc3 (14. Kh2 Nxd5 15. cxd5 Ne7
16. e4 Bh7) 14... Bh7 15. Kh2 Nd7 (15... e4 16. dxe4 Nxe4 17. Nd5 Ne7 18. Nd2
$14) 16. Ne1 Nc5 17. Nd5 $14 e4 $6 (17... Qd7) 18. dxe4 Nxe4 19. f3 Nc5 20. b4
Nd7 21. f4 $1 $16 Be4 $6 $138 (21... Bxe3 22. b5 Na7 23. Nxe3 Rxe3 24. Qd4) (
21... f6 22. b5 Ncb8 23. Nxf6+ Nxf6 24. Bxf6 Qxf6 25. Bxb7 Nd7 26. Bxa8 Rxa8
27. Qd5+ $18) 22. Qg4 f6 23. b5 Ncb8 (23... Bxg2 24. Nxg2 Ncb8 25. Nh4 $18) 24.
f5 $1 Bxg2 25. Nxg2 c6 (25... Ne5 26. Bxe5 dxe5 27. Rad1 Nd7 28. c5 Bxc5 (28...
Nxc5 29. Nb6) 29. Nxf6+ Qxf6 (29... Nxf6 30. Qc4+) 30. Rxd7 $16) 26. Ndf4 Re4 (
26... Ne5 27. Bxe5 Rxe5 28. Rad1 $36) 27. Rad1 Nc5 28. Rd4 $1 Qe8 $2 (28... Qe7
29. Rfd1) 29. Rxe4 Nxe4 30. Ne6 $18 Ng5 31. Nc7 Qc8 32. Nxa8 Nd7 33. b6 1-0

[Event "Olympiad-23"]
[Site "Buenos Aires"]
[Date "1978.11.01"]
[Round "7"]
[White "Gheorghiu, Florin"]
[Black "Dzindzichashvili, Roman"]
[Result "1-0"]
[WhiteElo "2520"]
[BlackElo "2550"]
[Annotator "Ciocaltea,V"]
[PlyCount "117"]
[EventDate "1978.10.25"]
[EventType "team-swiss"]
[EventRounds "14"]
[EventCountry "ARG"]
[SourceTitle "EXT 2002"]
[Source "ChessBase"]
[SourceDate "2001.11.25"]
[SourceVersion "1"]
[SourceVersionDate "2001.11.25"]
[SourceQuality "1"]
[WhiteTeam "Romania"]
[BlackTeam "Israel"]
[WhiteTeamCountry "ROU"]
[BlackTeamCountry "ISR"]

1. c4 e5 2. Nc3 Nf6 3. Nf3 Nc6 4. g3 Bb4 5. Nd5 Nxd5 6. cxd5 Nd4 7. Nxd4 exd4
8. Qc2 (8. Qa4 $5) 8... Qe7 9. Bg2 Ba5 $6 10. Qc4 Bb6 11. O-O O-O 12. b4 $1 Re8
13. e3 dxe3 14. dxe3 Qf6 15. Bd2 $1 d6 16. a4 {[><c7]} a5 17. bxa5 Bc5 18. Rfc1
b6 19. axb6 cxb6 20. Bc3 Qe7 21. a5 $1 bxa5 (21... Ba6 22. Qg4) 22. Rxa5 Rxa5
23. Bxa5 Bf5 24. Bb4 $16 Rc8 25. Qf4 Bxb4 26. Rxc8+ Bxc8 27. Qxb4 Qc7 28. h4 h5
29. Bf3 Qc1+ 30. Kh2 (30. Kg2 Ba6 $1) 30... Qf1 31. Qxd6 Qxf2+ 32. Bg2 Bg4 33.
Qb8+ Kh7 34. Qf4 Qe2 35. d6 f6 36. Qe4+ Kh6 37. Qd5 Bd7 38. Qb7 Bg4 39. Qe4 (
39. d7 Qd2) 39... Bd7 40. Qf4+ Kg6 41. Qe4+ Kh6 42. Qb7 Bg4 43. Qd5 Bd7 44. Qd4
Bc6 45. e4 Bd7 46. Qc5 Bg4 47. e5 Kg6 $6 (47... Bf3 $2 48. Qc1+ Kg6 49. Qf1 $18
) (47... Qd2 48. Qd5 $18) (47... fxe5 $5) 48. exf6 Kxf6 49. Qg5+ Kf7 50. Qd5+
Qe6 51. Qd2 Qe2 52. Qd5+ Qe6 53. Qd4 Kf8 54. Qc5 $1 Qf5 55. Bd5 Qd7 56. Bc6 Qf5
57. d7+ $1 $18 Qxc5 58. d8=Q+ Kf7 59. Bd5+ (59. Bd5+ Kg6 60. Qg5+ Kh7 61. Be4+)
1-0

[Event "Haninge"]
[Site "Haninge"]
[Date "1992.??.??"]
[Round "9"]
[White "Wedberg, Tom Birger"]
[Black "Tiviakov, Sergei"]
[Result "1-0"]
[WhiteElo "2465"]
[BlackElo "2575"]
[Annotator "Dautov,R"]
[PlyCount "73"]
[EventDate "1992.05.??"]
[EventType "schev"]
[EventRounds "5"]
[EventCountry "SWE"]
[SourceTitle "CBM 030"]
[Source "ChessBase"]
[SourceDate "1992.10.01"]
[SourceVersion "1"]
[SourceVersionDate "1992.10.01"]
[SourceQuality "1"]

1. c4 {Ribli Ernst} e5 2. Nc3 Nf6 3. g3 d5 4. cxd5 Nxd5 5. Bg2 Nb6 6. Nf3 Nc6
7. O-O Be7 8. a3 O-O 9. b4 Be6 10. Rb1 f6 11. d3 a5 12. b5 (12. bxa5 $5 {Ribli}
) 12... Nd4 13. Nd2 (13. Nxd4 exd4 14. Na4 Bd5 $10 (14... Bd5 {Ribli} 15. Bh3
Qe8 16. e4 dxe3 17. Bxe3 Nxa4 18. Qxa4 Qh5 19. Bg4 Qg6 $13 {Contin,D-Kharlov,A
Bern 1992 CBM/28})) 13... Qc8 {N} (13... c6 14. bxc6 Nxc6 (14... bxc6 15. e3
Nf5 16. Qc2 Nd5 17. Na4 $16) 15. Re1 $5 $14) (13... Bd5 14. Nxd5 Nxd5 15. Bxd5+
(15. Bb2 a4 16. Bxd4 exd4 $10) 15... Qxd5 16. a4 Bb4 17. Nb3 c6 18. e4 Qd7 19.
Nxd4 exd4 20. Bd2 c5 $10 {Ftacnik,L-Torre,E Bacolod 1991 52/40}) 14. e3 Nf5 15.
Bb2 (15. Na4 Rd8 16. Nxb6 cxb6 17. Qe2 Qd7 18. Nc4 Qxd3 19. Qxd3 Rxd3 20. Nxb6
Rb8 $10) (15. Qc2 Rd8 16. a4 Bb4 17. Na2 Bf8 $132) (15. a4 $5 {Ribli}) 15...
Rd8 16. Qc2 a4 17. Rfd1 Ra5 $1 {><b5,a3} 18. Nc4 $1 Nxc4 19. dxc4 Bxc4 20.
Rxd8+ Bxd8 21. Nxa4 Nd6 (21... Bxb5 $4 22. Nb6 Qb8 23. Qb3+ (23. Qxf5 {Ribli}
cxb6 24. Bc3 Rxa3 25. Qe6+ $18) 23... Kh8 24. Qb4 $18) 22. Nc3 {/\a4,Ba3+/-}
Bxb5 (22... Nxb5 $2 23. Nxb5 Bxb5 24. Qb3+ Kh8 25. Bc3 $18) 23. Nxb5 Rxb5 24.
Rd1 $44 (24. a4 $5 {Ribli} Rb4 25. Rd1 $146) 24... Qg4 (24... Qe6 $2 25. a4 Ra5
26. Qc3 b6 27. Qxa5 bxa5 28. Bd5 $18) (24... Qd7 $5) 25. Bc3 Be7 (25... Qc4 $2
26. Bf1 Qb3 27. Qxb3+ Rxb3 28. Rxd6 $18) 26. a4 Rc5 27. Qb3+ Kh8 (27... Kf8 $5)
28. Bb4 Rc4 29. Rb1 (29. Bxd6 $2 Bxd6 30. Bxb7 $2 (30. h3 Rb4 $17) 30... Rb4
$19) 29... c5 (29... b6 $2 30. Bf1 (30. Bd5 $1 {Ribli}) 30... Rc6 31. Qd5 Rc2
32. Bd3 $18) 30. Be1 Rxa4 31. Bxb7 Ra7 $2 (31... Nxb7 32. Qf7 $3 (32. Qxb7 {
Ernst} Bf8 33. Qc6 $1 h5 34. Qe8 Kg8 35. Rb8 Ra1 $1 36. Qxf8+ Kh7 37. Qg8+ Kh6
38. Kf1 Qd1 39. Qh8+ Kg6 40. Qe8+ Kh6 $10) 32... Qc8 33. Qxe7 Ra7 (33... Na5
34. Qd7 $1) 34. Rd1 Qg8 35. Kg2 $18 {/\Rd7}) (31... Qd7 32. Bd5 Bf8 33. Qb8 Qe7
34. Rc1 $40) (31... g6 $1 32. Bd5 (32. Bc6 Ra6 33. Qb8+ Qc8 34. Qxc8+ Nxc8 35.
Bb7 Rb6 $15) 32... Kg7 33. Qb6 Qc8 34. Rc1 c4 35. Bb4 Ra6 36. Qc5 $10) 32. Bd5
Qc8 (32... Rc7 33. Be6 Qg6 34. Qb8+ Ne8 35. Ba5 Rc6 36. Bd7 $18) (32... Bd8 33.
Be6 Qe4 34. Qb8 Ra8 35. Qxd6 $18) 33. Qb8 $18 Rd7 (33... Rc7 34. Be6 $18) 34.
Ba5 g6 (34... Bd8 35. Be6 Bxa5 36. Bxd7 $18) 35. Be6 Kg7 36. Qxc8 Nxc8 37. Bxd7
1-0